| 000 | 00386nam a2200157Ia 4500 | ||
|---|---|---|---|
| 008 | 151213s9999 xx 000 0 und d | ||
| 020 | _a01403-90448 | ||
| 100 | _aHanry David | ||
| 245 |
_aWaldan and Civil Disobedience _cHanry David |
||
| 260 |
_aU S A _bPenguing Books _c1986 |
||
| 300 | _a7336 p. | ||
| 650 | _aEnglish | ||
| 650 | _aEnglish | ||
| 700 | _aHanry David | ||
| 999 |
_c3900 _d3900 |
||